000 00265nam a2200109Ia 4500
008 190216s9999||||xx |||||||||||||| ||und||
100 _aOwen Webstar
245 0 _aRead Well And Remember
260 _bEnglish Language Book Society
650 _aEnglish
942 _cBK
999 _c12706
_d12706